[Event "World Blitz 2025"]
[Site "Doha QAT"]
[Date "2025.12.29"]
[Round "11.54"]
[White "Yakubboev, Nodirbek"]
[Black "Orozbaev, Eldiyar"]
[Result "0-1"]
[WhiteTitle "GM"]
[BlackTitle "IM"]
[WhiteElo "2691"]
[BlackElo "2348"]
[WhiteFideId "14203987"]
[BlackFideId "13802240"]
[EventDate "2025.12.29"]

1. Nf3 d5 2. g3 Nd7 3. d4 Nb6 4. Nc3 Bf5 5. a4 a5 6. Nh4 Bg4 7. h3 Bh5 8. Ng2 e6
9. Nf4 Bg6 10. Bg2 Bb4 11. O-O Bxc3 12. bxc3 Nf6 13. Nxg6 hxg6 14. Rb1 Qd7 15.
Bf4 Nh5 16. Bg5 Qxa4 17. e4 O-O 18. e5 f6 19. Bc1 fxe5 20. Qg4 e4 21. Qxg6 Nf6
22. Bf4 Qd7 23. c4 dxc4 24. Bxe4 Nxe4 25. Qxe4 a4 26. Qxb7 Nd5 27. Qb5 Qxb5 28.
Rxb5 a3 29. Ra1 Ra4 30. Bc1 a2 31. Kf1 Nb4 32. Rxb4 Rxb4 33. Rxa2 Rb1 34. Ke2
Rxc1 35. f4 Rh1 36. h4 Rb8 37. Ra4 Rg1 38. Kf2 Rbb1 39. Rxc4 Rbf1+ 40. Ke2 Rc1
41. Kf3 Rgd1 42. Ke3 Kh7 43. Rxc7 Kg6 44. c3 Kf5 45. Rc5+ Kg4 46. Rg5+ Kh3 47.
Ke2 Rg1 48. Kd2 Ra1 49. Rxg7 Rxg3 50. Rxg3+ Kxg3 51. Ke3 Re1+ 0-1

[Event "World Blitz 2025"]
[Site "Doha QAT"]
[Date "2025.12.29"]
[Round "11.55"]
[White "Adhiban, Baskaran"]
[Black "Gokerkan, Cem Kaan"]
[Result "1-0"]
[WhiteTitle "GM"]
[BlackTitle "GM"]
[WhiteElo "2557"]
[BlackElo "2510"]
[WhiteFideId "5018471"]
[BlackFideId "6336760"]
[EventDate "2025.12.29"]

1. d4 Nf6 2. Nf3 d5 3. c4 e6 4. g3 Bb4+ 5. Nc3 O-O 6. Bg2 dxc4 7. O-O c5 8. dxc5
Qa5 9. Qd4 Qxc5 10. Qxc5 Bxc5 11. Ne5 Nc6 12. Nxc4 Rd8 13. Bg5 h6 14. Bxf6 gxf6
15. Rfd1 Bd7 16. Nd6 Bxd6 17. Rxd6 Be8 18. Ne4 Rxd6 19. Nxd6 Rd8 20. Nxe8 Rxe8
21. Bxc6 bxc6 22. Rc1 Rd8 23. Rc2 Rd1+ 24. Kg2 Ra1 25. a3 Rb1 26. Kf3 f5 27. Kf4
Kg7 28. Ke5 Rd1 29. e3 Rd5+ 30. Kf4 Rd6 31. Kf3 Kf6 32. Rc5 Ke7 33. b4 Kd8 34.
Rc4 Kc7 35. Rh4 Rd3 36. Rxh6 Kd6 37. a4 Ra3 38. a5 Ra4 39. Rh4 Ke5 40. Rc4 Kd5
41. Rd4+ Ke5 42. h4 Ra2 43. Rd7 a6 44. Ra7 Ra4 45. Rxa6 Rxb4 46. Rxc6 Ra4 47. a6
Ra2 48. Rb6 Kf6 49. Rc6 Kg6 50. Kg2 Kf6 51. Kf1 Kg6 52. Ke1 Kf6 53. Kd1 Rxf2 54.
Kc1 Ra2 55. Kb1 Ra5 56. Kb2 Ke5 57. Kb3 Kd5 58. Kb4 Ra1 59. Rc5+ Kd6 60. Ra5
Rb1+ 61. Kc4 Rb8 62. a7 Ra8 63. Kd4 e5+ 64. Kc4 Ke6 65. Ra6+ Ke7 66. Kd5 Rd8+
67. Kxe5 1-0

[Event "World Blitz 2025"]
[Site "Doha QAT"]
[Date "2025.12.29"]
[Round "11.56"]
[White "Sanal, Vahap"]
[Black "Harshavardhan, G B"]
[Result "1-0"]
[WhiteTitle "GM"]
[BlackTitle "IM"]
[WhiteElo "2546"]
[BlackElo "2477"]
[WhiteFideId "6300545"]
[BlackFideId "25059009"]
[EventDate "2025.12.29"]

1. d4 Nf6 2. Nf3 e6 3. e3 b6 4. Bd3 Bb7 5. b3 c5 6. Bb2 Be7 7. O-O O-O 8. Nbd2
d6 9. c4 Nbd7 10. Re1 Re8 11. e4 cxd4 12. Nxd4 a6 13. f3 Bf8 14. Nf1 Rc8 15. Kh1
Ne5 16. Bc2 d5 17. exd5 exd5 18. Nf5 Ng6 19. Rxe8 Nxe8 20. Qe2 dxc4 21. bxc4 Qc7
22. N1e3 Nd6 23. Rd1 Nxf5 24. Nxf5 b5 25. h4 bxc4 26. Bc3 Qf4 27. Rd4 Qe5 28.
Qd2 Qe6 29. h5 Ne5 30. h6 g6 31. Nd6 Rb8 32. Nxb7 Rxb7 33. Rd8 Nd3 34. Bg7 Qd6
35. Rxf8+ Qxf8 36. Bxf8 Kxf8 37. Bxd3 cxd3 38. Qxd3 Re7 39. Qd8+ Re8 40. Qd6+
Kg8 41. Qf6 Kf8 42. Kh2 a5 43. a4 Re6 44. Qh8+ Ke7 45. Qxh7 Re5 46. Qg7 Rh5+ 47.
Kg1 1-0

[Event "World Blitz 2025"]
[Site "Doha QAT"]
[Date "2025.12.29"]
[Round "11.57"]
[White "Gan-Erdene, Sugar"]
[Black "Nogerbek, Kazybek"]
[Result "0-1"]
[WhiteTitle "IM"]
[BlackTitle "GM"]
[WhiteElo "2444"]
[BlackElo "2539"]
[WhiteFideId "4902980"]
[BlackFideId "13710427"]
[EventDate "2025.12.29"]

1. e4 e5 2. Nf3 Nc6 3. Nc3 Nf6 4. a3 d5 5. Bb5 Nxe4 6. Qe2 Qd6 7. Nxe4 dxe4 8.
Qxe4 Bd7 9. d4 O-O-O 10. dxe5 Nxe5 11. Bxd7+ Qxd7 12. O-O Nxf3+ 13. Qxf3 Qd5 14.
Qxd5 Rxd5 15. Be3 Be7 16. Rfd1 Rhd8 17. Rxd5 Rxd5 18. Kf1 Bf6 19. Rb1 a5 20. b3
a4 21. bxa4 Be7 22. Ke2 Ra5 23. Rb3 Rxa4 24. Bc1 Bd6 25. Bb2 g6 26. g3 b6 27. h4
Kd7 28. Re3 Kc6 29. Rc3+ Kd7 30. Rd3 f5 31. Re3 f4 32. Rf3 fxg3 33. fxg3 Ke6 34.
Rf6+ Kd5 35. Rf3 Rg4 36. Kf2 Rc4 37. Rd3+ Ke6 38. Rd2 h6 39. Kf3 g5 40. hxg5
hxg5 41. Re2+ Kf5 42. Rd2 g4+ 43. Kf2 Re4 44. Rd5+ Ke6 45. Rg5 Rc4 46. c3 Re4
47. Rg7 Kd5 48. Bc1 Kc4 49. Bf4 Bc5+ 50. Kf1 c6 51. Rxg4 Bxa3 52. Rg6 Kb5 53.
Kf2 Bb2 54. Bd2 Rc4 55. g4 Bxc3 56. Bxc3 Rxc3 57. g5 Rc4 58. Kf3 Rc1 59. Kf2 c5
60. Rg8 Rd1 61. g6 Rd6 62. Ke2 c4 63. g7 Rd7 64. Ke3 Kb4 65. Rb8 Rxg7 66. Rxb6+
Kc3 67. Ke2 Kc2 68. Ke3 c3 69. Rh6 Re7+ 70. Kd4 Kb2 71. Rb6+ Kc2 72. Rh6 Rc7 73.
Rh5 Kc1 74. Rh1+ Kb2 0-1

[Event "World Blitz 2025"]
[Site "Doha QAT"]
[Date "2025.12.29"]
[Round "11.58"]
[White "Ivanchuk, Vasyl"]
[Black "Suyarov, Mukhammadzokhid"]
[Result "1-0"]
[WhiteTitle "GM"]
[BlackTitle "IM"]
[WhiteElo "2607"]
[BlackElo "2454"]
[WhiteFideId "14100010"]
[BlackFideId "14210495"]
[EventDate "2025.12.29"]

1. c4 e6 2. Nf3 d5 3. d4 Nf6 4. e3 a6 5. b3 b6 6. Bd3 Bb7 7. O-O Bd6 8. cxd5
exd5 9. Ba3 O-O 10. Bxd6 Qxd6 11. Nc3 Nbd7 12. Rc1 Rfe8 13. Qc2 g6 14. Rfd1 Rac8
15. Qe2 Ra8 16. Qb2 Rac8 17. b4 c6 18. a4 Rc7 19. a5 b5 20. Ne2 Nf8 21. Nf4 Rce7
22. Bf1 N6d7 23. g3 Ne6 24. Nd3 Ng7 25. Rc2 Bc8 26. Rdc1 Nb8 27. Nfe5 Rc7 28.
Nc5 f6 29. Ned3 Rce7 30. Rc3 h5 31. h4 Nf5 32. Nf4 g5 33. hxg5 fxg5 34. Nxh5 Rh7
35. g4 Nh4 36. Be2 Rf8 37. Nd3 Nf3+ 38. Bxf3 Rxf3 39. Ne5 Bxg4 40. Rxc6 Nxc6 41.
Rxc6 Qf8 42. Nxg4 Rxh5 43. Qc2 Qxb4 44. Qg6+ Kf8 45. Rc8+ Ke7 46. Re8+ Kd7 47.
Qe6+ Kc7 48. Rc8+ Kb7 49. Qc6+ Ka7 50. Ra8# 1-0

[Event "World Blitz 2025"]
[Site "Doha QAT"]
[Date "2025.12.29"]
[Round "11.59"]
[White "Alekseenko, Kirill"]
[Black "Daneshvar, Bardiya"]
[Result "1/2-1/2"]
[WhiteTitle "GM"]
[BlackTitle "GM"]
[WhiteElo "2659"]
[BlackElo "2600"]
[WhiteFideId "4135539"]
[BlackFideId "12576468"]
[EventDate "2025.12.29"]

1. e4 c5 2. Nf3 Nc6 3. Bb5 e6 4. Bxc6 bxc6 5. d3 Qc7 6. Nc3 Ne7 7. O-O e5 8. Nd2
Ng6 9. Nc4 Be7 10. Qh5 O-O 11. Ne3 d6 12. g3 Bf6 13. h4 Qd7 14. Nf5 Ne7 15. f4
Nxf5 16. exf5 d5 17. fxe5 Bxe5 18. Kg2 Re8 19. Bd2 c4 20. Rae1 cxd3 21. cxd3 Bb7
22. Na4 Qd6 23. b4 Bxg3 24. Rxe8+ Rxe8 25. Nc5 Bc8 1/2-1/2

[Event "World Blitz 2025"]
[Site "Doha QAT"]
[Date "2025.12.29"]
[Round "11.60"]
[White "Can, Emre"]
[Black "Santos Latasa, Jaime"]
[Result "0-1"]
[WhiteTitle "GM"]
[BlackTitle "GM"]
[WhiteElo "2541"]
[BlackElo "2616"]
[WhiteFideId "6302181"]
[BlackFideId "2293307"]
[EventDate "2025.12.29"]

1. e4 c5 2. Nf3 e6 3. c3 Nf6 4. e5 Nd5 5. d4 cxd4 6. cxd4 d6 7. Bc4 Be7 8. O-O
O-O 9. Qe2 a6 10. Nc3 Nxc3 11. bxc3 Nd7 12. Bd3 dxe5 13. dxe5 Nc5 14. Bc2 Bd7
15. Rd1 Qc7 16. Bg5 Ba4 17. Bxe7 Qxe7 18. Rd4 Bxc2 19. Qxc2 Rac8 20. h4 h6 21.
Rad1 Rc7 22. Qd2 Rfc8 23. Kh2 Qe8 24. Qf4 Rd7 25. g4 Rxd4 26. cxd4 Na4 27. h5
Nc3 28. Rg1 Ne2 29. Qe3 Nxg1 30. Kxg1 Qc6 31. Kg2 Qc2 32. g5 Qf5 33. gxh6 gxh6
34. Nd2 Qg4+ 0-1

[Event "World Blitz 2025"]
[Site "Doha QAT"]
[Date "2025.12.29"]
[Round "11.61"]
[White "Grebnev, Aleksey"]
[Black "Mitrabha, Guha"]
[Result "1/2-1/2"]
[WhiteTitle "GM"]
[BlackTitle "GM"]
[WhiteElo "2632"]
[BlackElo "2508"]
[WhiteFideId "34189030"]
[BlackFideId "5057000"]
[EventDate "2025.12.29"]

1. Nf3 Nf6 2. b3 d5 3. Bb2 Bg4 4. e3 Nbd7 5. Be2 e6 6. d3 Bd6 7. Nbd2 O-O 8. h3
Bh5 9. a4 Qe7 10. O-O c6 11. e4 e5 12. Nh4 Bg6 13. Nxg6 hxg6 14. Re1 dxe4 15.
Nxe4 Nxe4 16. dxe4 Nc5 17. Bc4 Nd7 18. g3 Nf6 19. Kg2 Bb4 20. c3 Bc5 21. Qe2 a5
22. Bc1 Ne8 23. h4 Nd6 24. Bg5 Qc7 25. h5 b5 26. axb5 Nxc4 27. bxc4 a4 28. hxg6
fxg6 29. Be3 Qe7 30. Red1 a3 31. Ra2 Bxe3 32. Qxe3 Qf7 33. Qe2 cxb5 34. cxb5
Rfc8 35. Rd5 Rxc3 36. Rxe5 Qb3 37. Rd5 Rf8 38. Rdd2 Rcf3 39. e5 Rxf2+ 40. Qxf2
Rxf2+ 41. Rxf2 Qxb5 42. Rxa3 Qxe5 43. Raf3 Kh7 44. Rf1 g5 45. R1f2 Kg6 46. Kh2
Kh5 47. Rd3 Kg4 48. Rfd2 Qe8 49. Rd4+ Kh5 50. Kg2 Qa8+ 51. Kh2 Qf3 52. Rc4 Qe3
53. Rdc2 Qd3 54. R4c3 Qd6 55. Re2 Kg4 56. Re4+ Kf5 57. Re2 Kg4 58. Rce3 Qb8 59.
Re5 Qh8+ 60. Kg2 Qh3+ 61. Kg1 Qh7 62. Kg2 Qh3+ 63. Kg1 Qh6 64. Kg2 Qc6+ 65. Kh2
Qc7 66. R5e4+ Kf5 67. Kh3 Qc1 68. g4+ Kg6 69. Kg3 Qg1+ 70. Kf3 Qf1+ 71. Kg3 Qg1+
72. Kf3 1/2-1/2

[Event "World Blitz 2025"]
[Site "Doha QAT"]
[Date "2025.12.29"]
[Round "11.62"]
[White "Vetokhin, Savva"]
[Black "Ibarra Jerez, Jose Carlos"]
[Result "0-1"]
[WhiteTitle "GM"]
[BlackTitle "GM"]
[WhiteElo "2572"]
[BlackElo "2532"]
[WhiteFideId "44144474"]
[BlackFideId "2226332"]
[EventDate "2025.12.29"]

1. d4 Nf6 2. c4 d6 3. Nf3 g6 4. Nc3 Bf5 5. Nh4 Bd7 6. e4 e5 7. Nf3 exd4 8. Nxd4
Bg7 9. Be2 O-O 10. O-O Re8 11. f3 Nc6 12. Be3 Nh5 13. Nc2 f5 14. exf5 Bxf5 15.
Bd3 Bxc3 16. bxc3 Bxd3 17. Qxd3 Qf6 18. c5 dxc5 19. Qc4+ Qf7 20. Qxc5 Re5 21.
Qa3 Rae8 22. Rfe1 Nf6 23. Qb3 b6 24. Rad1 Na5 25. Qa4 Nc4 26. Bf2 Nb2 27. Qxa7
Nxd1 28. Rxd1 Ra5 29. Qb7 Rxa2 30. Nb4 Rae2 31. Qc6 R2e6 32. Qb5 c5 33. Nd3 Nh5
34. Ra1 Nf4 35. Nxf4 Qxf4 36. Qd7 Qf7 37. Qd3 Qe7 38. h3 Qd6 39. Qc4 Kg7 40.
Ra7+ R8e7 41. Ra1 Re2 42. Qh4 Qf6 43. Qc4 Qe6 44. Qd3 Rd7 45. Qb5 Rdd2 46. Rf1
Rb2 47. Qa6 Rxf2 48. Rxf2 Qe3 49. Qf1 Rc2 0-1

[Event "World Blitz 2025"]
[Site "Doha QAT"]
[Date "2025.12.29"]
[Round "11.63"]
[White "Christiansen, Johan-Sebastian"]
[Black "Xiao, Tong(QD)"]
[Result "0-1"]
[WhiteTitle "GM"]
[BlackTitle "GM"]
[WhiteElo "2655"]
[BlackElo "2555"]
[WhiteFideId "1512668"]
[BlackFideId "8622388"]
[EventDate "2025.12.29"]

1. e4 c5 2. Nf3 Nc6 3. b4 Nxb4 4. c3 Nc6 5. d4 d5 6. exd5 Qxd5 7. Na3 Bg4 8. Be2
cxd4 9. Nb5 Rc8 10. Nbxd4 e6 11. O-O Nf6 12. h3 Bh5 13. Rb1 Bc5 14. Nxc6 bxc6
15. Qa4 O-O 16. Rb7 Qe4 17. Qa6 Rfd8 18. Re1 Bxf3 19. gxf3 Qg6+ 20. Kf1 Nd5 21.
Bd2 Qf5 22. Kg2 Nc7 23. Rxc7 Rxc7 24. Bc1 h6 25. Qa5 Rcd7 26. Qa4 Qg6+ 27. Kf1
e5 28. Qc4 Bb6 29. a4 Rd5 30. Qh4 R8d6 31. Qc4 Rf6 32. Qb3 Qf5 33. Kg2 Rg6+ 34.
Kh2 Bxf2 35. Qb8+ Kh7 36. Rf1 Bg3+ 37. Kg2 Bf4+ 38. Kf2 Bxc1 39. Rxc1 Qxh3 40.
Ke3 Qh4 41. Qb4 Qg5+ 42. Kf2 Qxc1 0-1

[Event "World Blitz 2025"]
[Site "Doha QAT"]
[Date "2025.12.29"]
[Round "11.64"]
[White "Drygalov, Sergey"]
[Black "Chigaev, Maksim"]
[Result "1-0"]
[WhiteTitle "GM"]
[BlackTitle "GM"]
[WhiteElo "2571"]
[BlackElo "2626"]
[WhiteFideId "24171743"]
[BlackFideId "4108116"]
[EventDate "2025.12.29"]

1. d4 Nf6 2. c4 g6 3. Nc3 Bg7 4. e4 d6 5. Nf3 O-O 6. Be2 e5 7. O-O exd4 8. Nxd4
Re8 9. f3 c6 10. Kh1 Nbd7 11. Be3 a6 12. Qd2 Ne5 13. Rad1 Qc7 14. a4 c5 15. Nc2
Be6 16. b3 Rad8 17. Bg5 Qb6 18. Rb1 Nc6 19. Ne3 Qa5 20. Bd3 h6 21. Bh4 g5 22.
Be1 Nd4 23. Qf2 Qc7 24. f4 gxf4 25. Qxf4 Nh7 26. Bh4 Ng5 27. Ncd5 Bxd5 28. Nxd5
Qc8 29. Bxg5 hxg5 30. Qxg5 Re5 31. Ne7+ Kf8 32. Rxf7+ Kxf7 33. Rf1+ Ke8 34. Qg6+
Kd7 35. Nxc8 Kxc8 36. Qxg7 Rd7 37. Rf8+ Kc7 38. Rf7 1-0

[Event "World Blitz 2025"]
[Site "Doha QAT"]
[Date "2025.12.29"]
[Round "11.65"]
[White "Sapenov, Daniyal"]
[Black "Salinas Herrera, Pablo"]
[Result "0-1"]
[WhiteTitle "IM"]
[BlackTitle "GM"]
[WhiteElo "2440"]
[BlackElo "2473"]
[WhiteFideId "13728911"]
[BlackFideId "3407128"]
[EventDate "2025.12.29"]

1. e4 e5 2. Nf3 Nc6 3. Bb5 a6 4. Ba4 Nf6 5. O-O Be7 6. Re1 b5 7. Bb3 d6 8. c3
O-O 9. h3 h6 10. d4 Bd7 11. Nbd2 a5 12. Nf1 a4 13. Bc2 Re8 14. Ng3 Bf8 15. Be3
a3 16. b3 b4 17. d5 Ne7 18. cxb4 c6 19. dxc6 Bxc6 20. Qd2 Qb8 21. Rad1 Rd8 22.
Qc3 Qb7 23. Bc1 Ng6 24. Bb1 d5 25. exd5 Nxd5 26. Qc4 Ndf4 27. Bxf4 Nxf4 28. Be4
Bxe4 29. Qxe4 Qxe4 30. Nxe4 Nd3 31. Re2 Nxb4 32. Rxd8 Rxd8 33. g4 f6 34. Kg2 Rd1
35. Nc3 Rd3 36. Re3 Rd7 37. Nh4 Rd2 38. Nf3 Rb2 39. Re4 Bc5 40. Rc4 Rxf2+ 41.
Kg3 Nd3 42. Rxc5 Rxf3+ 43. Kxf3 Nxc5 44. Ke3 Kf7 45. Kd2 g6 46. Kc2 f5 47. gxf5
gxf5 48. Nb5 f4 49. Nxa3 e4 50. Nc4 Ke6 51. b4 Nd3 52. b5 Kd5 53. Kc3 Nc5 54. b6
e3 55. Nd2 exd2 56. Kxd2 Ke4 57. Ke2 f3+ 58. Kf1 Ke3 59. a4 f2 60. b7 Nxb7 0-1

[Event "World Blitz 2025"]
[Site "Doha QAT"]
[Date "2025.12.29"]
[Round "11.66"]
[White "Bai, Jinshi"]
[Black "Balakrishnan, Praveen"]
[Result "1-0"]
[WhiteTitle "GM"]
[BlackTitle "GM"]
[WhiteElo "2599"]
[BlackElo "2507"]
[WhiteFideId "8602280"]
[BlackFideId "2064871"]
[EventDate "2025.12.29"]

1. c4 e5 2. g3 Nf6 3. Bg2 c6 4. d4 e4 5. a3 d5 6. Bg5 Nbd7 7. Nc3 h6 8. Bf4 Be7
9. f3 exf3 10. Nxf3 dxc4 11. O-O O-O 12. e4 Nb6 13. Qd2 Be6 14. Rad1 Qc8 15.
Rfe1 Bh3 16. Nh4 Bxg2 17. Nf5 Re8 18. Kxg2 Bf8 19. Qf2 Nxe4 20. Nxh6+ gxh6 21.
Nxe4 Nd5 22. Be5 Qg4 23. h3 Qg6 24. Qf3 Bg7 25. Nd6 Re7 26. Nf5 Rxe5 27. dxe5
Re8 28. Rd4 h5 29. Rde4 b5 30. g4 h4 31. Nxh4 Qg5 32. Nf5 Qd2+ 33. R1e2 Qc1 34.
Nxg7 Kxg7 35. Rf2 Re7 36. e6 f6 37. h4 c3 38. bxc3 Qxa3 1-0

[Event "World Blitz 2025"]
[Site "Doha QAT"]
[Date "2025.12.29"]
[Round "11.67"]
[White "Droin, Augustin"]
[Black "Puranik, Abhimanyu"]
[Result "1-0"]
[WhiteTitle "IM"]
[BlackTitle "GM"]
[WhiteElo "2480"]
[BlackElo "2622"]
[WhiteFideId "45105987"]
[BlackFideId "5061245"]
[EventDate "2025.12.29"]

1. e4 e5 2. Nf3 Nc6 3. d4 exd4 4. Nxd4 Qf6 5. Be3 Bc5 6. c3 Nge7 7. g3 h5 8. h4
d6 9. Bg2 Bg4 10. f3 Bd7 11. O-O Qg6 12. Kh2 O-O-O 13. b4 Bb6 14. a4 d5 15. a5
Bxd4 16. cxd4 dxe4 17. b5 Nf5 18. Bg5 Ncxd4 19. fxe4 Nxg3 20. Qxd4 Nxf1+ 21.
Bxf1 Bxb5 22. Bh3+ Bd7 23. Bxd7+ Rxd7 24. Qxa7 Rd3 25. Nd2 Qd6+ 26. Kg1 Re8 27.
Qa8+ Kd7 28. Qxb7 Rxd2 29. Qb5+ c6 30. Qf5+ Kc7 31. Bf4 Re6 32. Qxf7+ Kc8 33.
Bxd6 Rexd6 34. Rb1 1-0

[Event "World Blitz 2025"]
[Site "Doha QAT"]
[Date "2025.12.29"]
[Round "11.68"]
[White "Motylev, Alexander"]
[Black "Khubukshanov, Erdem"]
[Result "0-1"]
[WhiteTitle "GM"]
[BlackTitle "IM"]
[WhiteElo "2573"]
[BlackElo "2502"]
[WhiteFideId "4121830"]
[BlackFideId "54114527"]
[EventDate "2025.12.29"]

1. d4 Nf6 2. g3 e6 3. Bg2 d5 4. Nf3 Be7 5. O-O O-O 6. c4 a5 7. Qc2 Nc6 8. Bf4 a4
9. Rd1 Nb4 10. Qc1 dxc4 11. Qxc4 Nbd5 12. Bg5 b5 13. Qc1 Bb7 14. Ne5 h6 15. Bxf6
Bxf6 16. e4 Nb6 17. Qc5 Bxe5 18. Qxe5 Qd7 19. Qc5 Nc4 20. Qb4 c5 21. Qxc5 Nxb2
22. Rf1 Rfc8 23. Qb4 Nd3 24. Qd2 Qxd4 25. Na3 b4 26. Nc2 Qc3 27. Rfd1 Nb2 28.
Qxc3 Rxc3 29. Rd2 Nc4 30. Re2 b3 31. Ne3 b2 32. Rf1 Nxe3 33. fxe3 a3 0-1

[Event "World Blitz 2025"]
[Site "Doha QAT"]
[Date "2025.12.29"]
[Round "11.85"]
[White "Iniyan, Pa"]
[Black "Gholami Orimi, Mahdi"]
[Result "0-1"]
[WhiteTitle "GM"]
[BlackTitle "GM"]
[WhiteElo "2598"]
[BlackElo "2515"]
[WhiteFideId "25002767"]
[BlackFideId "12558486"]
[EventDate "2025.12.29"]

1. d4 Nf6 2. c4 e6 3. Nf3 d5 4. Nc3 h6 5. g3 dxc4 6. Bg2 Nc6 7. O-O Bd6 8. Qa4
O-O 9. Rd1 Qe7 10. Qxc4 e5 11. dxe5 Nxe5 12. Nxe5 Bxe5 13. Be3 Re8 14. Bc5 Qe6
15. Qxe6 Rxe6 16. Rd8+ Re8 17. Rxe8+ Nxe8 18. Rd1 Be6 19. Bxb7 Rb8 20. Be4 Nd6
21. Bxd6 cxd6 22. f4 Bf6 23. Rd2 g5 24. f5 Bc8 25. Nd5 Bd8 26. b3 Kg7 27. Ne3
Bb6 28. Kf2 Ba6 29. Bc6 Rc8 30. Ba4 Rc3 31. Kf3 Rc8 0-1

[Event "World Blitz 2025"]
[Site "Doha QAT"]
[Date "2025.12.29"]
[Round "11.86"]
[White "Alexakis, Dimitris"]
[Black "Raja, Rithvik R"]
[Result "1-0"]
[WhiteTitle "GM"]
[BlackTitle "GM"]
[WhiteElo "2544"]
[BlackElo "2541"]
[WhiteFideId "4277023"]
[BlackFideId "35007394"]
[EventDate "2025.12.29"]

1. e4 c5 2. Nf3 d6 3. d4 cxd4 4. Nxd4 Nf6 5. f3 e5 6. Nb3 Be6 7. c4 a5 8. Be3 a4
9. N3d2 Nc6 10. Nc3 Qa5 11. Nd5 Bxd5 12. cxd5 Nd4 13. Bd3 Be7 14. O-O b5 15. f4
O-O 16. fxe5 dxe5 17. Bxd4 exd4 18. d6 Bd8 19. e5 Nd5 20. Ne4 f5 21. e6 Ne3 22.
Qh5 g6 23. Qh6 Qa7 24. Rf3 Ng4 25. Qf4 Qg7 26. e7 Bxe7 27. dxe7 Qxe7 28. Nf2 Ne5
29. Rg3 Rad8 30. Bxb5 Qd6 31. Nd3 Qb6 32. Qxe5 1-0

[Event "World Blitz 2025"]
[Site "Doha QAT"]
[Date "2025.12.29"]
[Round "11.87"]
[White "Dau Khuong Duy"]
[Black "Kosakowski, Jakub"]
[Result "1-0"]
[WhiteTitle "IM"]
[BlackTitle "GM"]
[WhiteElo "2489"]
[BlackElo "2549"]
[WhiteFideId "12424722"]
[BlackFideId "1185080"]
[EventDate "2025.12.29"]

1. e4 c6 2. Nf3 d5 3. Nc3 Bg4 4. h3 Bxf3 5. Qxf3 e6 6. Be2 Bc5 7. O-O Nd7 8. Rd1
d4 9. Nb1 Ne5 10. Qg3 d3 11. Qxe5 Bd4 12. Qg3 dxc2 13. Rf1 cxb1=Q 14. Rxb1 Ne7
15. d3 O-O 16. Kh1 e5 17. f4 exf4 18. Bxf4 Ng6 19. Bd2 Be5 20. Qf2 Qd6 21. a3
Bd4 22. Qf5 Ne5 23. b4 Rae8 24. Be1 Re6 25. Bg3 Rf6 26. Qg5 Rg6 27. Qf4 Qe6 28.
Bh5 Rf6 29. Qd2 Rxf1+ 30. Rxf1 g6 31. Bd1 Rd8 32. Qg5 Re8 33. Qd2 Rd8 34. Bh4
Rd7 35. Qh6 Nxd3 36. Bg4 Qd6 37. Bxd7 Qxd7 38. Qd2 Ne5 39. Bf6 Qd6 40. Qh6 Qf8
41. Qxf8+ Kxf8 42. Rd1 c5 43. bxc5 1-0

[Event "World Blitz 2025"]
[Site "Doha QAT"]
[Date "2025.12.29"]
[Round "11.88"]
[White "Smirnov, Mark"]
[Black "Bjerre, Jonas Buhl"]
[Result "1-0"]
[WhiteTitle "FM"]
[BlackTitle "GM"]
[WhiteElo "2420"]
[BlackElo "2623"]
[WhiteFideId "13764594"]
[BlackFideId "1444948"]
[EventDate "2025.12.29"]

1. Nf3 Nf6 2. b3 g6 3. Bb2 Bg7 4. g3 b6 5. Bg2 Bb7 6. c4 c5 7. O-O O-O 8. d4
cxd4 9. Qxd4 d6 10. Rd1 Nbd7 11. Ne1 Qc8 12. Nc3 Ne4 13. Qe3 Nxc3 14. Bxc3 Bxc3
15. Qxc3 Nf6 16. Qe3 Re8 17. Rac1 Bxg2 18. Kxg2 Qc6+ 19. f3 a6 20. Nd3 Rac8 21.
h4 h5 22. Kf2 Qb7 23. a4 Nd7 24. Nf4 Nf6 25. g4 hxg4 26. h5 e5 27. Nd5 Nxd5 28.
Rxd5 Re6 29. Rh1 Qe7 30. fxg4 Qf6+ 31. Ke1 e4 32. hxg6 fxg6 33. Qd4 Qxd4 34.
Rxd4 Rc5 35. Kd2 Kg7 36. Ke3 Rce5 37. Rf1 b5 38. cxb5 axb5 39. a5 b4 40. Ra1 Rb5
41. a6 Re8 42. Rxd6 Ra8 43. Kxe4 Kh6 44. Kd4 Rg5 45. e4 Rxg4 46. Rb6 Rf4 47. Rb7
g5 48. a7 Rff8 49. e5 g4 50. e6 g3 51. Ke5 Kh5 52. e7 Rg8 53. Kf6 g2 54. Rg1 Kh4
55. Rxb4+ Kh3 56. Rb7 Kh2 57. Re1 g1=Q 58. Rxg1 Kxg1 59. b4 Kf2 60. b5 Ke3 61.
Rd7 Rh8 62. Kg7 Ke4 63. b6 Rag8+ 64. Kf7 Ra8 65. b7 Rxa7 66. e8=Q+ Rxe8 67. Kxe8 1-0

[Event "World Blitz 2025"]
[Site "Doha QAT"]
[Date "2025.12.29"]
[Round "11.89"]
[White "Lodici, Lorenzo"]
[Black "Wafa, Hamed"]
[Result "0-1"]
[WhiteTitle "GM"]
[BlackTitle "IM"]
[WhiteElo "2590"]
[BlackElo "2373"]
[WhiteFideId "884189"]
[BlackFideId "10628452"]
[EventDate "2025.12.29"]

1. e4 e5 2. Nf3 Nc6 3. Bb5 a6 4. Ba4 Nf6 5. O-O Nxe4 6. d4 Be7 7. Re1 b5 8. Rxe4
d5 9. Re1 bxa4 10. Nxe5 Nxe5 11. Rxe5 O-O 12. b3 Bd6 13. Re3 Qh4 14. g3 Qh3 15.
Ba3 Bxa3 16. Nxa3 Bf5 17. Qd2 h5 18. f3 Bg6 19. Qg2 Qf5 20. Rae1 Rad8 21. Re5
Qf6 22. Nb1 Qc6 23. R1e2 a5 24. R5e3 Rb8 25. Nc3 a3 26. Rd2 Rfe8 27. Rde2 Rxe3
28. Rxe3 Re8 29. Rxe8+ Qxe8 30. Qd2 c6 31. Ne2 Bf5 32. Kf2 h4 33. g4 Bh7 34. Nf4
Qb8 35. g5 Bxc2 36. Ng2 Bb1 37. Nxh4 Qxh2+ 38. Ng2 Qd6 39. Nf4 Bxa2 40. Qxa2
Qxf4 41. Qxa3 Qxd4+ 42. Kg3 Qg1+ 43. Kf4 Qd4+ 44. Kg3 Qb4 45. Qc1 Qd6+ 46. f4 d4
47. Qe1 g6 48. Qxa5 d3 49. Qd2 Qd4 50. Kf3 Kg7 51. Qe3 Qd5+ 52. Kg3 d2 53. Qc3+
Kg8 0-1

[Event "World Blitz 2025"]
[Site "Doha QAT"]
[Date "2025.12.29"]
[Round "11.90"]
[White "Martinez Alcantara, Jose Eduardo"]
[Black "Morris, James"]
[Result "1-0"]
[WhiteTitle "GM"]
[BlackTitle "IM"]
[WhiteElo "2667"]
[BlackElo "2422"]
[WhiteFideId "3805662"]
[BlackFideId "3205800"]
[EventDate "2025.12.29"]

1. e4 Nc6 2. Nf3 d6 3. d4 Nf6 4. Nc3 g6 5. Bb5 a6 6. Bxc6+ bxc6 7. h3 Bg7 8. Be3
O-O 9. O-O Nd7 10. Qd2 Re8 11. Rad1 a5 12. b3 e5 13. dxe5 Nxe5 14. Nxe5 Bxe5 15.
Bd4 Qf6 16. Bxe5 Qxe5 17. f4 Qc5+ 18. Kh2 f5 19. Rfe1 Be6 20. e5 d5 21. Na4 Qa3
22. Qf2 Rab8 23. Nc5 Rb5 24. Nxe6 Rxe6 25. c4 Qc5 26. Qd2 Rb4 27. Rc1 Re7 28.
Red1 Rd7 29. cxd5 Qxd5 30. Qc2 Qe6 31. Rxd7 Qxd7 32. Rd1 Qe6 33. Qc5 Rb8 34.
Qxa5 Qe7 1-0